01501nas a22002537a 4500999001700000005001700017007001200034008004100046022001400087040000900101082001500110210002400125245007200149260003800221300001600259310001500275365001600290500078400306650005601090651001601146655002001162856003601182942002901218 c40831d4083120200520110453.0cz aa aaaaa200428c b||poo|||| 00| 0 eng d a2581-348X coclc a540bJOU/C aInt. J. Chem. Stud. aInternational Journal of Chemistry Studieshe-Journal (Open Access) bGupta PublicationsaDelhi, India  aPDF(online) aBi-Monthly eOpen Access aThis Journal provides the platform established with the aim of motivating the researchers in the research and development of chemical sciences. Abstracting and Indexing information: Journal is in process to index with Index Copernicus, Ulrich's International Periodical Directory, Google Search, Google Scholar, Indian Science, PubsHub, Libraries Directory and Many More important databases. The journal publishes chemical, pharmaceutical and biomedical review and research articles which include: Organic Chemistry, Physical Chemistry, Analytical Chemistry, Polymer Sciences, Medicinal Chemistry, Natural Chemistry, Biochemistry, Analytical Research Works, QSAR Studies, Nanotechnology, Biotechnological Research Works, Method and Process Development, Drug Development and etc 092323aNatural sciences & mathematicsvChemistry 092254aIndia 092257ae-Journal uhttp://www.chemistryjournal.in/ 2ddccEJh540k540mJOU/C